| 000 | 00365nam a2200133Ia 4500 | ||
|---|---|---|---|
| 008 | 240624s9999 xx 000 0 und d | ||
| 041 | _aeng | ||
| 082 | _a005.74 PAT | ||
| 100 | _aPATEL DHIREN R | ||
| 245 | _aINFORMATION SECURITY THEORY AND PRACTICE | ||
| 260 |
_c2008 _aNew Delhi _bPrentice-Hall of India |
||
| 300 | _axiv, : 298 : p. : cm. ; 23 | ||
| 365 |
_cRS _b36 |
||
| 999 |
_c11331 _d11331 |
||